Hoofdsteden van Noord-Amerika - Statistieken

Algemene statistieken
  • Deze quiz is 44 keer genomen
  • De gemiddelde score is 18 van 23
Antwoordstatistieken
Land Hoofdstad % Correct
Mexico Mexico-Stad
100%
Canada Ottawa
100%
Verenigde Staten Washington D.C.
100%
Cuba Havana
95%
Panama Panama-Stad
95%
Guatemala Guatemala-Stad
86%
Jamaica Kingston
86%
St. Vincent en de Grenadines Kingstown
86%
Costa Rica San José
86%
El Salvador San Salvador
86%
Bahama's Nassau
76%
Dominicaanse Republiek Santo Domingo
76%
Trinidad en Tobago Port of Spain
71%
Antigua en Barbuda Saint John's
71%
Barbados Bridgetown
67%
Haïti Port-au-Prince
67%
Grenada Saint George's
67%
Nicaragua Managua
62%
St. Kitts en Nevis Basseterre
57%
Belize Belmopan
57%
St. Lucia Castries
57%
Dominica Roseau
57%
Honduras Tegucigalpa
57%
Geen overeenkomende quizzen gevonden
Scoreverdeling
Procent van Mensen met Elke Score
Percentiel versus Aantal Correcte Antwoorden
Uw Scoregeschiedenis
U heeft deze quiz nog niet genomen